000 00195 a2200109 4500
020 _a9781432905477
041 _aspa
100 _aLeake,Diyan
245 _aAlas
942 _cBK
952 _74
_xok
999 _c25910
_d25910